[Event "DEM U10 2025"]
[Site "Willingen GER"]
[Date "2025.06.13"]
[Round "8"]
[White "Zentgraf, Raphael"]
[Black "Schulze, Jonas"]
[Result "1-0"]
[Termination "normal"]
[Board "21"]
[WhiteElo "1660"]
[BlackElo "1658"]
[WhiteClock "00:37:18"]
[BlackClock "00:30:22"]
[PlyCount "77"]
[WhiteFideId "34684166"]
[BlackFideId "34687912"]
[EventCountry "GER"]
[EventRounds "9"]
[EventType "swiss"]
[EventDate "2025.06.07"]

1. d4 {[%clk 01:30:00]} {[%emt 00:00:59]} Nf6 {[%clk 01:30:48]} {[%emt
00:00:13]} 2. Nf3 {[%clk 01:30:01]} {[%emt 00:00:29]} g6 {[%clk 01:31:00]}
{[%emt 00:00:18]} 3. c3 {[%clk 01:29:30]} {[%emt 00:01:01]} Bg7 {[%clk
01:30:50]} {[%emt 00:00:39]} 4. h3 {[%clk 01:28:29]} {[%emt 00:01:31]} O-O
{[%clk 01:30:16]} {[%emt 00:01:04]} 5. Bf4 {[%clk 01:27:38]} {[%emt 00:01:21]}
d6 {[%clk 01:28:55]} {[%emt 00:01:51]} 6. Nbd2 {[%clk 01:25:13]} {[%emt
00:02:57]} Nbd7 {[%clk 01:28:25]} {[%emt 00:00:59]} 7. e4 {[%clk 01:21:39]}
{[%emt 00:04:04]} Re8 {[%clk 01:26:47]} {[%emt 00:02:08]} 8. Bh2 {[%clk
01:18:48]} {[%emt 00:03:21]} e5 {[%clk 01:25:56]} {[%emt 00:01:21]} 9. d5
{[%clk 01:18:05]} {[%emt 00:01:13]} Nc5 {[%clk 01:21:39]} {[%emt 00:04:46]} 10.
Qc2 {[%clk 01:16:07]} {[%emt 00:02:29]} Qe7 {[%clk 01:07:03]} {[%emt 00:15:06]}
11. b4 {[%clk 01:10:09]} {[%emt 00:06:29]} Ncd7 {[%clk 01:03:41]} {[%emt
00:03:52]} 12. Bd3 {[%clk 01:06:06]} {[%emt 00:04:33]} a5 {[%clk 00:58:30]}
{[%emt 00:05:40]} 13. O-O {[%clk 01:03:32]} {[%emt 00:03:04]} c6 {[%clk
00:46:53]} {[%emt 00:12:07]} 14. dxc6 {[%clk 00:58:44]} {[%emt 00:05:18]} bxc6
{[%clk 00:47:08]} {[%emt 00:00:16]} 15. b5 {[%clk 00:57:39]} {[%emt 00:01:36]}
cxb5 {[%clk 00:41:52]} {[%emt 00:05:45]} 16. Bxb5 {[%clk 00:56:13]} {[%emt
00:01:56]} Bb7 {[%clk 00:40:27]} {[%emt 00:01:54]} 17. c4 {[%clk 00:50:22]}
{[%emt 00:06:22]} Rac8 {[%clk 00:38:59]} {[%emt 00:01:58]} 18. Rfe1 {[%clk
00:45:48]} {[%emt 00:05:04]} Red8 {[%clk 00:36:59]} {[%emt 00:02:30]} 19. Nb3
{[%clk 00:39:51]} {[%emt 00:06:27]} Nc5 {[%clk 00:32:24]} {[%emt 00:05:04]} 20.
Nxc5 {[%clk 00:38:26]} {[%emt 00:01:57]} Rxc5 {[%clk 00:31:17]} {[%emt
00:01:37]} 21. Qd3 {[%clk 00:29:44]} {[%emt 00:09:13]} Rc7 {[%clk 00:25:17]}
{[%emt 00:06:30]} 22. Nd2 {[%clk 00:25:14]} {[%emt 00:05:00]} Bh6 {[%clk
00:16:06]} {[%emt 00:09:40]} 23. f3 {[%clk 00:21:21]} {[%emt 00:04:24]} Ne8
{[%clk 00:10:04]} {[%emt 00:06:32]} 24. Nb3 {[%clk 00:18:55]} {[%emt 00:02:56]}
Ng7 {[%clk 00:03:23]} {[%emt 00:07:11]} 25. Nxa5 {[%clk 00:18:36]} {[%emt
00:00:50]} Ba8 {[%clk 00:03:09]} {[%emt 00:00:43]} 26. Nb3 {[%clk 00:18:26]}
{[%emt 00:00:41]} Ne6 {[%clk 00:02:59]} {[%emt 00:00:40]} 27. Rad1 {[%clk
00:17:25]} {[%emt 00:01:30]} Nf4 {[%clk 00:02:28]} {[%emt 00:01:00]} 28. Bxf4
{[%clk 00:17:05]} {[%emt 00:00:51]} Bxf4 {[%clk 00:02:40]} {[%emt 00:00:18]}
29. c5 {[%clk 00:17:12]} {[%emt 00:00:23]} Rcc8 {[%clk 00:01:30]} {[%emt
00:01:40]} 30. cxd6 {[%clk 00:17:18]} {[%emt 00:00:24]} Qa7+ {[%clk 00:01:10]}
{[%emt 00:00:49]} 31. Kh1 {[%clk 00:16:56]} {[%emt 00:00:53]} Qxa2 {[%clk
00:01:03]} {[%emt 00:00:37]} 32. Re2 {[%clk 00:16:18]} {[%emt 00:01:08]} Qa7
{[%clk 00:00:51]} {[%emt 00:00:42]} 33. d7 {[%clk 00:15:52]} {[%emt 00:00:56]}
Rc7 {[%clk 00:00:44]} {[%emt 00:00:37]} 34. Ra1 {[%clk 00:15:51]} {[%emt
00:00:31]} Qb8 {[%clk 00:00:44]} {[%emt 00:00:31]} 35. Rc2 {[%clk 00:14:48]}
{[%emt 00:01:32]} Rxc2 {[%clk 00:00:33]} {[%emt 00:00:41]} 36. Qxc2 {[%clk
00:15:06]} {[%emt 00:00:11]} Qxb5 {[%clk 00:00:45]} {[%emt 00:00:19]} 37. Rd1
{[%clk 00:10:54]} {[%emt 00:04:41]} Qc6 {[%clk 00:00:36]} {[%emt 00:00:39]} 38.
Qa2 {[%clk 00:09:09]} {[%emt 00:02:15]} Bb7 {[%clk 00:30:22]} {[%emt 00:00:43]}
39. Qa5 {[%clk 00:37:18]} {[%emt 00:02:21]} 1-0

[Event "DEM U10 2025"]
[Site "Willingen GER"]
[Date "2025.06.13"]
[Round "8"]
[White "Peterson, James"]
[Black "Schmidt, Fabian"]
[Result "1-0"]
[Termination "normal"]
[Board "22"]
[WhiteElo "1338"]
[BlackElo "1407"]
[WhiteClock "00:08:11"]
[BlackClock "00:08:22"]
[PlyCount "77"]
[WhiteFideId "34692452"]
[BlackFideId "533043515"]
[EventCountry "GER"]
[EventRounds "9"]
[EventType "swiss"]
[EventDate "2025.06.07"]

1. d4 {[%clk 01:30:24]} {[%emt 00:00:35]} Nf6 {[%clk 01:30:56]} {[%emt
00:00:05]} 2. Nf3 {[%clk 01:30:23]} {[%emt 00:00:30]} e6 {[%clk 01:31:21]}
{[%emt 00:00:06]} 3. Bg5 {[%clk 01:28:13]} {[%emt 00:02:39]} b6 {[%clk
01:28:58]} {[%emt 00:02:55]} 4. c4 {[%clk 01:23:25]} {[%emt 00:05:17]} Bb4+
{[%clk 01:29:01]} {[%emt 00:00:27]} 5. Nc3 {[%clk 01:23:00]} {[%emt 00:00:54]}
O-O {[%clk 01:27:56]} {[%emt 00:01:36]} 6. e3 {[%clk 01:22:44]} {[%emt
00:00:46]} Bb7 {[%clk 01:26:14]} {[%emt 00:02:12]} 7. Bd3 {[%clk 01:20:00]}
{[%emt 00:03:13]} d6 {[%clk 01:24:12]} {[%emt 00:02:33]} 8. O-O {[%clk
01:19:49]} {[%emt 00:00:41]} Nbd7 {[%clk 01:23:44]} {[%emt 00:00:58]} 9. a3
{[%clk 01:12:07]} {[%emt 00:08:12]} Bxc3 {[%clk 01:23:22]} {[%emt 00:00:51]}
10. bxc3 {[%clk 01:12:28]} {[%emt 00:00:08]} c5 {[%clk 01:23:20]} {[%emt
00:00:32]} 11. Nd2 {[%clk 00:46:49]} {[%emt 00:26:09]} Qc7 {[%clk 01:20:44]}
{[%emt 00:03:05]} 12. e4 {[%clk 00:45:31]} {[%emt 00:01:50]} Qc6 {[%clk
01:19:59]} {[%emt 00:01:15]} 13. d5 {[%clk 00:44:30]} {[%emt 00:01:31]} exd5
{[%clk 01:19:47]} {[%emt 00:00:43]} 14. cxd5 {[%clk 00:44:30]} {[%emt
00:00:29]} Qc7 {[%clk 01:16:41]} {[%emt 00:03:36]} 15. a4 {[%clk 00:30:59]}
{[%emt 00:14:01]} h6 {[%clk 01:14:54]} {[%emt 00:02:16]} 16. Bf4 {[%clk
00:30:21]} {[%emt 00:01:07]} Ne5 {[%clk 01:14:58]} {[%emt 00:00:27]} 17. Bc2
{[%clk 00:27:59]} {[%emt 00:02:51]} Ba6 {[%clk 01:15:10]} {[%emt 00:00:20]} 18.
Re1 {[%clk 00:27:41]} {[%emt 00:00:47]} Rad8 {[%clk 01:12:12]} {[%emt
00:03:28]} 19. Nf3 {[%clk 00:24:02]} {[%emt 00:04:08]} Nc4 {[%clk 01:09:47]}
{[%emt 00:02:56]} 20. Qe2 {[%clk 00:22:53]} {[%emt 00:01:38]} Nh5 {[%clk
01:06:59]} {[%emt 00:03:18]} 21. Bc1 {[%clk 00:21:09]} {[%emt 00:02:07]} Na3
{[%clk 01:03:54]} {[%emt 00:03:42]} 22. Bd3 {[%clk 00:18:47]} {[%emt 00:02:52]}
c4 {[%clk 01:04:19]} {[%emt 00:00:06]} 23. Bb1 {[%clk 00:18:51]} {[%emt
00:00:25]} Nxb1 {[%clk 01:04:44]} {[%emt 00:00:06]} 24. Rxb1 {[%clk 00:19:16]}
{[%emt 00:00:04]} Rfe8 {[%clk 01:04:38]} {[%emt 00:00:35]} 25. Nd4 {[%clk
00:18:57]} {[%emt 00:00:50]} Nf6 {[%clk 01:04:40]} {[%emt 00:00:28]} 26. Qf3
{[%clk 00:18:41]} {[%emt 00:00:45]} Nh7 {[%clk 00:28:09]} {[%emt 00:37:03]} 27.
Nc6 {[%clk 00:15:57]} {[%emt 00:03:15]} Rd7 {[%clk 00:28:25]} {[%emt 00:00:15]}
28. Qg3 {[%clk 00:15:41]} {[%emt 00:00:41]} Kh8 {[%clk 00:28:33]} {[%emt
00:00:26]} 29. Bf4 {[%clk 00:15:49]} {[%emt 00:00:21]} g5 {[%clk 00:22:55]}
{[%emt 00:06:10]} 30. Be3 {[%clk 00:15:20]} {[%emt 00:00:56]} Rg8 {[%clk
00:18:15]} {[%emt 00:05:13]} 31. Bd4+ {[%clk 00:15:01]} {[%emt 00:00:46]} f6
{[%clk 00:18:06]} {[%emt 00:00:41]} 32. Qh3 {[%clk 00:11:42]} {[%emt 00:03:46]}
Rg6 {[%clk 00:17:05]} {[%emt 00:01:34]} 33. e5 {[%clk 00:11:52]} {[%emt
00:00:21]} g4 {[%clk 00:12:15]} {[%emt 00:05:20]} 34. Qe3 {[%clk 00:11:29]}
{[%emt 00:00:48]} Ng5 {[%clk 00:11:55]} {[%emt 00:00:54]} 35. e6 {[%clk
00:10:23]} {[%emt 00:01:35]} Nf3+ {[%clk 00:10:56]} {[%emt 00:01:30]} 36. gxf3
{[%clk 00:09:59]} {[%emt 00:00:53]} gxf3+ {[%clk 00:10:34]} {[%emt 00:00:52]}
37. Kh1 {[%clk 00:09:56]} {[%emt 00:00:32]} Re7 {[%clk 00:09:01]} {[%emt
00:02:05]} 38. Qxf3 {[%clk 00:08:23]} {[%emt 00:02:00]} Rxe6 {[%clk 00:08:22]}
{[%emt 00:01:12]} 39. Rxe6 {[%clk 00:08:11]} {[%emt 00:00:40]} 1-0

[Event "DEM U10 2025"]
[Site "Willingen GER"]
[Date "2025.06.13"]
[Round "8"]
[White "Hornych, Fridtjof"]
[Black "Frerich, Theo"]
[Result "1-0"]
[Termination "normal"]
[Board "23"]
[WhiteElo "1385"]
[BlackElo "1167"]
[WhiteClock "00:11:57"]
[BlackClock "00:17:03"]
[PlyCount "89"]
[WhiteFideId "533043507"]
[BlackFideId "533003505"]
[EventCountry "GER"]
[EventRounds "9"]
[EventType "swiss"]
[EventDate "2025.06.07"]

1. e4 {[%clk 01:30:55]} {[%emt 00:00:03]} e5 {[%clk 01:30:59]} {[%emt
00:00:03]} 2. Nf3 {[%clk 01:30:58]} {[%emt 00:00:26]} Nc6 {[%clk 01:31:22]}
{[%emt 00:00:08]} 3. Bb5 {[%clk 01:31:00]} {[%emt 00:00:27]} a6 {[%clk
01:31:46]} {[%emt 00:00:06]} 4. Bxc6 {[%clk 01:31:05]} {[%emt 00:00:25]} dxc6
{[%clk 01:32:10]} {[%emt 00:00:07]} 5. O-O {[%clk 01:30:54]} {[%emt 00:00:39]}
Bg4 {[%clk 01:32:28]} {[%emt 00:00:12]} 6. d3 {[%clk 01:28:59]} {[%emt
00:02:25]} Bd6 {[%clk 01:31:38]} {[%emt 00:01:21]} 7. Nc3 {[%clk 01:26:48]}
{[%emt 00:02:40]} Nf6 {[%clk 01:31:52]} {[%emt 00:00:17]} 8. Bg5 {[%clk
01:26:53]} {[%emt 00:00:22]} O-O {[%clk 01:30:42]} {[%emt 00:01:43]} 9. h3
{[%clk 01:23:43]} {[%emt 00:03:40]} Bh5 {[%clk 01:29:52]} {[%emt 00:01:20]} 10.
Qe2 {[%clk 01:21:49]} {[%emt 00:02:23]} h6 {[%clk 01:28:51]} {[%emt 00:01:30]}
11. Bh4 {[%clk 01:21:40]} {[%emt 00:00:40]} Re8 {[%clk 01:27:35]} {[%emt
00:01:44]} 12. Qe3 {[%clk 01:19:21]} {[%emt 00:02:51]} b6 {[%clk 01:14:06]}
{[%emt 00:14:00]} 13. Nd2 {[%clk 01:16:44]} {[%emt 00:03:06]} c5 {[%clk
01:10:11]} {[%emt 00:04:26]} 14. Nc4 {[%clk 01:10:05]} {[%emt 00:07:08]} Bf8
{[%clk 01:03:28]} {[%emt 00:07:14]} 15. Qg3 {[%clk 00:56:29]} {[%emt 00:14:02]}
Bd6 {[%clk 00:58:58]} {[%emt 00:05:04]} 16. Nd5 {[%clk 00:53:09]} {[%emt
00:03:49]} Bg6 {[%clk 00:55:58]} {[%emt 00:03:32]} 17. Bxf6 {[%clk 00:49:46]}
{[%emt 00:03:52]} gxf6 {[%clk 00:56:13]} {[%emt 00:00:15]} 18. Qf3 {[%clk
00:47:46]} {[%emt 00:02:29]} Kg7 {[%clk 00:55:11]} {[%emt 00:01:33]} 19. Nde3
{[%clk 00:41:39]} {[%emt 00:06:36]} b5 {[%clk 00:52:19]} {[%emt 00:03:23]} 20.
Nxd6 {[%clk 00:40:35]} {[%emt 00:01:33]} cxd6 {[%clk 00:52:08]} {[%emt
00:00:42]} 21. Nd5 {[%clk 00:40:18]} {[%emt 00:00:46]} Rc8 {[%clk 00:50:25]}
{[%emt 00:02:12]} 22. Rac1 {[%clk 00:37:03]} {[%emt 00:03:45]} c4 {[%clk
00:46:42]} {[%emt 00:04:14]} 23. Rfe1 {[%clk 00:34:11]} {[%emt 00:03:22]} Re6
{[%clk 00:42:23]} {[%emt 00:04:49]} 24. Ne3 {[%clk 00:30:22]} {[%emt 00:04:21]}
c3 {[%clk 00:40:24]} {[%emt 00:02:30]} 25. b3 {[%clk 00:28:03]} {[%emt
00:02:48]} b4 {[%clk 00:34:40]} {[%emt 00:06:15]} 26. Nc4 {[%clk 00:27:12]}
{[%emt 00:01:20]} Ra8 {[%clk 00:31:44]} {[%emt 00:03:26]} 27. a3 {[%clk
00:23:57]} {[%emt 00:03:45]} a5 {[%clk 00:30:37]} {[%emt 00:01:36]} 28. axb4
{[%clk 00:22:32]} {[%emt 00:01:57]} axb4 {[%clk 00:31:01]} {[%emt 00:00:07]}
29. Ra1 {[%clk 00:22:20]} {[%emt 00:00:42]} Rxa1 {[%clk 00:29:38]} {[%emt
00:01:53]} 30. Rxa1 {[%clk 00:22:31]} {[%emt 00:00:18]} Re7 {[%clk 00:29:51]}
{[%emt 00:00:12]} 31. Ne3 {[%clk 00:22:18]} {[%emt 00:00:48]} Qc8 {[%clk
00:29:14]} {[%emt 00:01:07]} 32. Nd5 {[%clk 00:18:17]} {[%emt 00:04:31]} Re6
{[%clk 00:28:40]} {[%emt 00:01:04]} 33. Nxb4 {[%clk 00:18:30]} {[%emt
00:00:17]} Qc5 {[%clk 00:28:52]} {[%emt 00:00:18]} 34. Nd5 {[%clk 00:17:44]}
{[%emt 00:01:15]} Qc8 {[%clk 00:27:34]} {[%emt 00:01:47]} 35. Ra4 {[%clk
00:16:33]} {[%emt 00:01:42]} Qc5 {[%clk 00:25:11]} {[%emt 00:02:53]} 36. Rc4
{[%clk 00:15:46]} {[%emt 00:01:18]} Qa3 {[%clk 00:25:28]} {[%emt 00:00:12]} 37.
Rxc3 {[%clk 00:15:32]} {[%emt 00:00:42]} Qa7 {[%clk 00:23:10]} {[%emt
00:02:49]} 38. Rc7 {[%clk 00:14:17]} {[%emt 00:01:46]} Qd4 {[%clk 00:23:12]}
{[%emt 00:00:28]} 39. Re7 {[%clk 00:13:17]} {[%emt 00:01:29]} Qxd5 {[%clk
00:19:57]} {[%emt 00:03:45]} 40. Rxf7+ {[%clk 00:13:21]} {[%emt 00:00:26]} Bxf7
{[%clk 00:19:56]} {[%emt 00:00:32]} 41. exd5 {[%clk 00:13:40]} {[%emt
00:00:11]} Re7 {[%clk 00:20:19]} {[%emt 00:00:06]} 42. Qg4+ {[%clk 00:12:57]}
{[%emt 00:01:14]} Kh7 {[%clk 00:20:00]} {[%emt 00:00:49]} 43. Qc4 {[%clk
00:12:42]} {[%emt 00:00:45]} Rd7 {[%clk 00:17:40]} {[%emt 00:02:51]} 44. Qc6
{[%clk 00:12:25]} {[%emt 00:00:46]} Be8 {[%clk 00:17:03]} {[%emt 00:01:07]} 45.
b4 {[%clk 00:11:57]} {[%emt 00:00:58]} 1-0

[Event "DEM U10 2025"]
[Site "Willingen GER"]
[Date "2025.06.13"]
[Round "8"]
[White "Schmidt, Alexander Nadvid"]
[Black "Leja, Luis"]
[Result "1-0"]
[Termination "normal"]
[Board "24"]
[WhiteElo "1565"]
[BlackElo "1344"]
[WhiteClock "00:55:40"]
[BlackClock "00:34:33"]
[PlyCount "71"]
[WhiteFideId "34661360"]
[BlackFideId "34699813"]
[EventCountry "GER"]
[EventRounds "9"]
[EventType "swiss"]
[EventDate "2025.06.07"]

1. e4 {[%clk 01:30:56]} {[%emt 00:00:03]} c6 {[%clk 01:30:53]} {[%emt
00:00:07]} 2. d4 {[%clk 01:31:22]} {[%emt 00:00:04]} d5 {[%clk 01:31:18]}
{[%emt 00:00:06]} 3. e5 {[%clk 01:31:50]} {[%emt 00:00:02]} Bf5 {[%clk
01:31:38]} {[%emt 00:00:10]} 4. h4 {[%clk 01:32:16]} {[%emt 00:00:04]} h5
{[%clk 01:32:01]} {[%emt 00:00:06]} 5. Bd3 {[%clk 01:32:38]} {[%emt 00:00:08]}
Bxd3 {[%clk 01:32:22]} {[%emt 00:00:09]} 6. Qxd3 {[%clk 01:33:03]} {[%emt
00:00:05]} e6 {[%clk 01:32:41]} {[%emt 00:00:11]} 7. Bg5 {[%clk 01:33:29]}
{[%emt 00:00:04]} Be7 {[%clk 01:32:36]} {[%emt 00:00:34]} 8. Nf3 {[%clk
01:33:54]} {[%emt 00:00:05]} Nd7 {[%clk 01:32:06]} {[%emt 00:01:01]} 9. Nbd2
{[%clk 01:33:50]} {[%emt 00:00:33]} Bxg5 {[%clk 01:30:10]} {[%emt 00:02:26]}
10. hxg5 {[%clk 01:33:19]} {[%emt 00:01:02]} Qb6 {[%clk 01:30:00]} {[%emt
00:00:39]} 11. g6 {[%emt 00:01:17]} f6 {[%clk 01:29:49]} {[%emt 00:00:20]} 12.
O-O-O {[%clk 01:30:20]} {[%emt 00:03:03]} O-O-O {[%clk 01:29:50]} {[%emt
00:00:30]} 13. exf6 {[%clk 01:29:08]} {[%emt 00:01:42]} Ndxf6 {[%clk 01:28:25]}
{[%emt 00:01:55]} 14. Ng5 {[%clk 01:27:44]} {[%emt 00:01:54]} Nh6 {[%clk
01:27:27]} {[%emt 00:01:27]} 15. Nxe6 {[%clk 01:26:20]} {[%emt 00:01:55]} Rd7
{[%clk 01:26:22]} {[%emt 00:01:35]} 16. Nc5 {[%clk 01:25:34]} {[%emt 00:01:16]}
Re7 {[%clk 01:26:10]} {[%emt 00:00:42]} 17. Qh3+ {[%clk 01:25:52]} {[%emt
00:00:11]} Kb8 {[%clk 01:24:57]} {[%emt 00:01:44]} 18. Nf3 {[%clk 01:23:56]}
{[%emt 00:02:25]} Nhg4 {[%clk 01:15:16]} {[%emt 00:10:11]} 19. Rde1 {[%clk
01:17:26]} {[%emt 00:07:00]} Rhe8 {[%clk 01:03:34]} {[%emt 00:12:12]} 20. Qg3+
{[%clk 01:14:59]} {[%emt 00:02:56]} Qc7 {[%clk 01:01:39]} {[%emt 00:02:25]} 21.
Qxc7+ {[%clk 01:08:12]} {[%emt 00:07:17]} Kxc7 {[%clk 01:00:19]} 22. Rxe7+
{[%clk 01:07:35]} {[%emt 00:02:57]} Rxe7 {[%clk 01:00:40]} 23. Nd3 {[%clk
01:06:24]} {[%emt 00:01:51]} Kd6 {[%emt 00:07:48]} 24. Nfe5 {[%clk 01:05:53]}
{[%emt 00:00:57]} b6 {[%clk 00:52:54]} {[%emt 00:01:02]} 25. b4 {[%clk
01:04:38]} {[%emt 00:01:45]} Kc7 {[%clk 00:46:37]} {[%emt 00:06:00]} 26. Kd2
{[%clk 01:00:57]} c5 {[%emt 00:09:59]} 27. f3 Nh6 {[%clk 00:42:32]} {[%emt
00:00:33]} 28. bxc5 {[%clk 00:58:49]} {[%emt 00:02:40]} Nf5 {[%clk 00:41:01]}
{[%emt 00:02:01]} 29. c3 {[%clk 00:58:14]} {[%emt 00:01:05]} bxc5 {[%clk
00:38:17]} {[%emt 00:03:14]} 30. Nxc5 {[%clk 00:57:55]} {[%emt 00:00:48]} Re8
{[%clk 00:35:00]} {[%emt 00:03:46]} 31. Rb1 {[%clk 00:55:24]} {[%emt 00:03:01]}
Rb8 {[%clk 00:34:17]} {[%emt 00:01:14]} 32. Na6+ {[%clk 00:55:48]} {[%emt
00:00:06]} Kd6 {[%clk 00:34:15]} 33. Rxb8 {[%clk 00:55:30]} {[%emt 00:01:20]}
h4 {[%clk 00:34:33]} 34. Rd8+ {[%clk 00:55:30]} {[%emt 00:00:41]} Ke7 {[%emt
00:00:21]} 35. Nc6+ {[%clk 00:55:49]} {[%emt 00:00:09]} Ke6 {[%emt 00:00:15]}
36. Nc7# {[%clk 00:55:40]} {[%emt 00:00:05]} 1-0

[Event "DEM U10 2025"]
[Site "Willingen GER"]
[Date "2025.06.13"]
[Round "8"]
[White "Schimming, Wilhelm"]
[Black "Laß, Matteo"]
[Result "0-1"]
[Termination "normal"]
[Board "25"]
[WhiteElo "1639"]
[BlackElo "1277"]
[WhiteClock "01:28:04"]
[BlackClock "01:00:14"]
[PlyCount "74"]
[WhiteFideId "34662030"]
[BlackFideId "533019940"]
[EventCountry "GER"]
[EventRounds "9"]
[EventType "swiss"]
[EventDate "2025.06.07"]

1. e4 {[%clk 01:30:49]} {[%emt 00:00:10]} c6 {[%clk 01:30:00]} {[%emt
00:01:01]} 2. d4 {[%clk 01:30:38]} {[%emt 00:00:41]} d5 {[%clk 01:29:17]}
{[%emt 00:01:14]} 3. Nc3 {[%clk 01:31:03]} {[%emt 00:00:04]} dxe4 {[%clk
01:28:22]} {[%emt 00:01:26]} 4. Nxe4 {[%clk 01:30:57]} {[%emt 00:00:35]} Nf6
{[%clk 01:25:29]} {[%emt 00:03:24]} 5. Nxf6+ {[%clk 01:31:18]} {[%emt
00:00:09]} exf6 {[%clk 01:25:40]} {[%emt 00:00:19]} 6. c3 {[%clk 01:31:37]}
{[%emt 00:00:11]} Bd6 {[%clk 01:25:12]} {[%emt 00:00:57]} 7. Bd3 {[%clk
01:31:55]} {[%emt 00:00:12]} O-O {[%clk 01:24:30]} {[%emt 00:01:12]} 8. Qc2
{[%clk 01:32:22]} {[%emt 00:00:04]} Re8+ {[%clk 01:23:44]} {[%emt 00:01:15]} 9.
Be3 {[%clk 01:32:21]} {[%emt 00:00:31]} h5 {[%clk 01:22:23]} {[%emt 00:01:51]}
10. O-O-O {[%clk 01:32:01]} {[%emt 00:00:51]} Be6 {[%clk 01:19:44]} {[%emt
00:03:08]} 11. Ne2 {[%clk 01:27:57]} {[%emt 00:04:35]} b5 {[%clk 01:13:59]}
{[%emt 00:06:15]} 12. Ng3 {[%clk 01:28:09]} {[%emt 00:00:17]} h4 {[%clk
01:09:35]} {[%emt 00:04:54]} 13. Nh5 {[%clk 01:28:16]} {[%emt 00:00:24]} Nd7
{[%clk 01:08:50]} {[%emt 00:01:15]} 14. Bf4 {[%clk 01:26:49]} {[%emt 00:01:57]}
Nf8 {[%clk 01:07:45]} {[%emt 00:01:35]} 15. Bxd6 {[%clk 01:25:53]} {[%emt
00:01:26]} Qxd6 {[%clk 01:05:17]} {[%emt 00:02:58]} 16. g3 {[%clk 01:26:19]}
{[%emt 00:00:04]} Bg4 {[%clk 01:04:35]} {[%emt 00:01:10]} 17. Rdg1 {[%clk
01:25:57]} {[%emt 00:00:53]} Bxh5 {[%clk 01:04:33]} {[%emt 00:00:31]} 18. gxh4
{[%clk 01:26:23]} {[%emt 00:00:05]} Bf3 {[%clk 01:04:29]} {[%emt 00:00:33]} 19.
h5 {[%clk 01:26:11]} {[%emt 00:00:43]} Bxh1 {[%clk 01:04:08]} {[%emt 00:00:50]}
20. h6 {[%clk 01:26:35]} {[%emt 00:00:06]} Qf4+ {[%clk 01:03:54]} {[%emt
00:00:42]} 21. Kb1 {[%clk 01:26:56]} {[%emt 00:00:10]} Qxh6 {[%clk 01:02:53]}
{[%emt 00:01:30]} 22. Rxh1 {[%clk 01:27:17]} {[%emt 00:00:10]} Ne6 {[%clk
01:01:55]} {[%emt 00:01:28]} 23. Be4 {[%clk 01:27:35]} {[%emt 00:00:12]} Rac8
{[%clk 01:01:49]} {[%emt 00:00:35]} 24. Ka1 {[%clk 01:26:53]} {[%emt 00:01:12]}
Ng5 {[%clk 01:01:09]} {[%emt 00:01:10]} 25. Bf5 {[%clk 01:27:10]} {[%emt
00:00:13]} Rc7 {[%clk 01:01:23]} {[%emt 00:00:16]} 26. a3 {[%clk 01:27:02]}
{[%emt 00:00:39]} Rce7 {[%clk 01:01:25]} {[%emt 00:00:27]} 27. h4 {[%clk
01:26:12]} {[%emt 00:01:21]} Re1+ {[%clk 01:01:26]} {[%emt 00:00:29]} 28. Rxe1
{[%clk 01:26:39]} {[%emt 00:00:02]} Rxe1+ {[%clk 01:01:47]} {[%emt 00:00:08]}
29. Ka2 {[%clk 01:27:07]} {[%emt 00:00:03]} Qxh4 {[%clk 01:01:32]} {[%emt
00:00:45]} 30. Qd2 {[%clk 01:27:24]} {[%emt 00:00:13]} Nf3 {[%clk 01:01:02]}
{[%emt 00:01:00]} 31. Qd3 {[%clk 01:27:44]} {[%emt 00:00:11]} Qxf2 {[%clk
01:00:19]} {[%emt 00:01:12]} 32. Be4 {[%clk 01:27:41]} {[%emt 00:00:33]} Re2
{[%clk 00:59:23]} {[%emt 00:01:26]} 33. Qb1 {[%clk 01:27:41]} {[%emt 00:00:31]}
Nd2 {[%clk 00:59:22]} {[%emt 00:00:31]} 34. Bh7+ {[%clk 01:27:54]} {[%emt
00:00:17]} Kf8 {[%clk 00:59:26]} {[%emt 00:00:27]} 35. Qa1 {[%clk 01:28:03]}
{[%emt 00:00:21]} Nc4 {[%clk 00:59:46]} {[%emt 00:00:10]} 36. Bc2 {[%clk
01:27:59]} {[%emt 00:00:34]} Rxc2 {[%clk 01:00:03]} {[%emt 00:00:13]} 37. Qe1
{[%clk 01:28:04]} {[%emt 00:00:25]} Rxb2+ {[%clk 01:00:14]} {[%emt 00:00:19]}
0-1